Comparative aspects of the general principles or private international law (Registro nro. 45746)

Detalles MARC
000 -ENCABEZADO
Número de control [NR] 01496nam a2200325Ia 4500
005 - FECHA Y HORA DE LA ÚLTIMA TRANSACCIÓN
control field 20211130153942.0
008 - DE LONGITUD FIJA DE DATOS DE ELEMENTOS - INFORMACIÓN GENERAL
Elementos de longitud fija [NR] 130821s1963 ne grff eng
040 ## - FUENTE DE CATALOGACION [NR]
Agencia de catalogación original [NR] Co-BoUCM
Idioma de catalogación [NR] spa
Quien Cataloga Deissy Garcia (modificó)
Quien Clasifica [Nuevo]
041 00 - CODIGO DE IDIOMA [R]
Código de idioma para texto/pista de sonido o título separado [R] Inglés
100 1# - ASIENTO PRINCIPAL--NOMBRE PERSONAL [NR]
Nombre personal [NR] Graveson, Ronald H.
ID Autoridad 172615
245 10 - MENCION DE TITULO [NR]
Título [NR] Comparative aspects of the general principles or private international law
Mención de responsabilidad, etc. [NR] Ronald H. Graveson
260 ## - PUBLICACION, DISTRIBUCION, ETC. (PIE DE IMPRENTA) [R]
Lugar de publicación, distribución, etc. [R] Leiden (Holanda)
Nombre del editor, distribuidor, etc. [R] A. W. Sijthoff
Fecha de publicación, distribución, etc. [R] 1963
300 ## - DESCRIPCION FISICA [R]
Extensión [R] 605 páginas
490 0# - MENCION DE SERIE [R]
Mención de serie [R] Recueil des Cours Collected Courses of the Hague Academy of International Law
Designación numérica/secuencial del volumen [NR] 109
650 04 - ASIENTO SECUNDARIO DE MATERIA - TERMINO TEMATICO [R]
Término temático o nombre geográfico como elemento de entrada [NR] Derecho internacional privado
9 (RLIN) 7497
650 04 - ASIENTO SECUNDARIO DE MATERIA - TERMINO TEMATICO [R]
Término temático o nombre geográfico como elemento de entrada [NR] Derecho internacional público
9 (RLIN) 7498
650 04 - ASIENTO SECUNDARIO DE MATERIA - TERMINO TEMATICO [R]
Término temático o nombre geográfico como elemento de entrada [NR] Derecho internacional
9 (RLIN) 12776
650 04 - ASIENTO SECUNDARIO DE MATERIA - TERMINO TEMATICO [R]
Término temático o nombre geográfico como elemento de entrada [NR] Derecho internacional
Subdivisión de forma [R] Manuales
9 (RLIN) 51517
700 12 - ASIENTO SECUNDARIO - NOMBRE PERSONAL [R]
Nombre personal [NR] Goedhuis, D.
9 (RLIN) 172616
700 12 - ASIENTO SECUNDARIO - NOMBRE PERSONAL [R]
Nombre personal [NR] Goldman, B.
9 (RLIN) 172617
700 12 - ASIENTO SECUNDARIO - NOMBRE PERSONAL [R]
Nombre personal [NR] Petrén, S.
9 (RLIN) 172618
700 12 - ASIENTO SECUNDARIO - NOMBRE PERSONAL [R]
Nombre personal [NR] Shachter, O.
9 (RLIN) 172619
710 2# - ASIENTO SECUNDARIO - NOMBRE CORPORATIVO [R]
Nombre corporativo o de jurisdicción como elemento de entrada [NR] Académie de Droit International Law
9 (RLIN) 64196
740 02 - ASIENTO SECUNDARIO – TITULOS RELACIONADOS/ANALITICOS NO CONTROLADOS [R]
Título relacionado o analítico no controlado [NR] Confiscation of foreing property and intrenational claims arising therefrom / S. Petrén.
740 02 - ASIENTO SECUNDARIO – TITULOS RELACIONADOS/ANALITICOS NO CONTROLADOS [R]
Título relacionado o analítico no controlado [NR] Conflicts of law and divergencies in the legal regimes of air space and outer space / D. Goedhuis.
740 02 - ASIENTO SECUNDARIO – TITULOS RELACIONADOS/ANALITICOS NO CONTROLADOS [R]
Título relacionado o analítico no controlado [NR] Conflicts of law international arbitration of a private law character / B. Goldman.
740 42 - ASIENTO SECUNDARIO – TITULOS RELACIONADOS/ANALITICOS NO CONTROLADOS [R]
Título relacionado o analítico no controlado [NR] The relation of law, politics and action in the United Nations / O. Shachter.
942 ## - ELEMENTOS DE ENTRADA AGREGADOS (KOHA)
Tema principal Derecho
Edición 1
Prefijo de la signatura top. (colección) Colección - Referencia
Parte restante de la signatura top. R311
Tipo de ítem principal el descrito en 300a Libro de referencia
Sistema de clasificación DEWEY
Clasificación 341.02
Título oculto en OPAC No
Existencias
Signatura topográfica Código de barras Última vez visto Volúmen / Fascículo Ejemplar Price effective from Tipo de ítem Perdido Sistema de clasificación Dañado No prestable Tipo de ítem específico Suprimido Ubicación habitual Ubicación actual Localización Fecha de creación Forma de adquisición Costo
R 341.02 R311 100063085 13/01/2025 V.109 Ej.1 03/02/2013 Libro de referencia   DEWEY     Libro de referencia   Claustro Claustro 5to piso 28/02/2005 Compra 26500.00